FEBRILNÉ KŔČE

Bibliographic Details
Main Author: Bothová, Monika (Author)
Format: Article
Language:Slovak

MARC

LEADER 00000nab a2200000ua 4500
001 vtls010827760
003 SK-MaSNL
005 20260303140140.0
008 230218s2013 xo |||||||||||||||||slo|
035 |a (urnnbn)urn:nbn:sk:snk:ar-a06dj2 
035 |a urn:nbn:sk:snk-ab5tib 
035 |a (uuid)8046864b-2439-4029-97c0-745da4a1992e 
040 |a SNKBUCL  |b slo  |c SNKBUCL  |e AACR2 
041 0 |a slo 
044 |a xo  |c SK 
100 1 |a Bothová, Monika  |4 aut  |9 275663 
245 1 0 |a FEBRILNÉ KŔČE  |c Monika Bothová 
773 0 |t Dieťa nielen pre rodičov  |g Roč. 19, č. 4 (2013), s. 20-[21] 
954 |a odborná, vedecká literatúra pôvodná (slovenská)  |2 lita 
958 |a OND 
958 |a EUIPO 
958 |a article5 
999 |c 1969921  |d 1971851